000 00488nam a2200181Ia 4500
003 OSt
005 20230808090305.0
008 230105s9999||||xx |||||||||||||| ||und||
020 _a9966201224
040 _cChuka University Library
050 _aBV 509
_bS24 2005
100 _aSaffold, Guy S.
_94489
245 0 _aStrategic planning:leadership through vision
260 _aEvangel publisher
_bNairobi
_c2005
300 _a240p.
650 _aStrategic Planning
_98562
942 _cBK
_2lcc
999 _c7125
_d7125